Análisis sintáctico teoría y práctica

Salvato in:
Dettagli Bibliografici
Autore principale: Gómez Torrego, Leonardo
Natura: Libro
Lingua:spagnolo
Pubblicazione: Madrid Ediciones SM 2011
Edizione:tercera edición (revisada y actualizada)
Soggetti:
Tags: Aggiungi Tag
Nessun Tag, puoi essere il primo ad aggiungerne!!

MARC

LEADER 00000nam a2200000 4500
001 0165581
005 20221108071136.1
020 |a 978-84-675-4134-2 
041 0 |a spa 
044 |a ES 
245 1 0 |a Análisis sintáctico  |b teoría y práctica  |c Leonardo Gómez Torrego 
250 |a tercera edición (revisada y actualizada) 
264 1 |a Madrid  |b Ediciones SM  |c 2011 
300 |a 318 s. 
610 2 0 |a jazyky cudzie 
610 2 0 |a španielčina 
610 2 0 |a gramatika 
610 2 0 |a jazykoveda 
610 2 0 |a syntax 
100 1 |a Gómez Torrego, Leonardo